Mások a "déli" szlovákok? a Fórum Társadalomtudományi Szemle tartalmából

Bibliographic Details
Format: Article
Language:Hungarian
PhysicalDescription:Fotogr.
Subjects:

MARC

LEADER 00000nab a2200000 ar4500
001 vtls009003090
003 SK-MaSNL
005 20260319071252.0
008 070410c20070410xo |||||||| 000 b|hun
015 |a SNBRB2007/04  |2 snkbucl 
038 |a SNKBUCL 
040 |a DSZK  |b slo  |c DSZK  |e AACR2 
041 0 |a hun 
044 |a xo  |c SK 
080 |a 3:070  |x (=511.141)  |x (437.6)  |2 1997 
080 |a 070.48  |x (=511.141)  |x (437.6)  |2 1997 
245 0 0 |a Mások a "déli" szlovákok?  |b a Fórum Társadalomtudományi Szemle tartalmából  |c [szerző] (m) 
300 |b Fotogr. 
630 0 7 |a Fórum társadalomtudományi szemle (časopis)  |y 2007  |x č. 1  |2 snkbucl  |9 1065349 
655 7 |a bibliografické prehľady  |2 snkbucl  |9 534643 
773 0 |t Új szó  |g Évf. 60, sz. 82 (10.4.2007), o. 6 
852 |a SNK  |b KIS3GCP 
852 |a DSZK  |b KIS3GCP 
958 |a HU 
958 |a SK 
999 |c 1751602  |d 1753532